00290nam a2200121Ia 4500008004100000082001600041100002000057245003700077250000900114260002900123300000800152650000800160191201s2008 xx 000 0 und d a658.81bKAF aKAPOOR, Ramneek 0aFundamentals of Sales Management aRep. aN.DelhibMacmillanc2008 a336 aMBA